Identifikovanie skrytých vzťahov medzi ukazovateľmi vybraných podnikov na Slovensku

Guardado en:
Detalles Bibliográficos
Autor principal: Vojtková, Mária, 1966-
Formato: Capítulo de libro
Lenguaje:eslovaco
Etiquetas: Agregar Etiqueta
Sin Etiquetas, Sea el primero en etiquetar este registro!

MARC

LEADER 00000naa$a2200000$$$4500
001 0122992
005 20240502083314.4
041 0 |a slo 
044 |a CZ 
245 1 0 |a Identifikovanie skrytých vzťahov medzi ukazovateľmi vybraných podnikov na Slovensku  |c Mária Vojtková 
100 1 |a Vojtková, Mária, 1966-